U.S. States by Fun Fact - Statistics

General Stats
  • This quiz has been taken 14 times
  • The average score is 3 of 10
Answer Stats
Hint Answer % Correct
This is the only state whose name only has one syllable (bonus fun fact- their state fower is a pinecone) Maine
79%
There are only two sets of escalators in the entirety of this state Wyoming
64%
This is the only state with an official question- "red or green?". It refers to the chili sauce you'd like on your food. New Mexico
50%
This state is a paleontologists dream- it is home to the highest concentration of Jurassic-era remains ever found. Utah
29%
This state his home to Lake Chargo-ggagoggm-anchaug-gagoggcha-ubunagun gamaugg, the longest place name in America Massachusetts
14%
Kool-Aid was invented here Nebraska
14%
This state was the home of the first free public library, dating back to 1833 New Hampshire
7%
This state is the #1 producer of honey in the country North Dakota
7%
Bob Marley lived in this state from 1965 until 1977 Delaware
0%
According to a study of consumer phone calls, this state has the fastest talkers Oregon
0%
No matching quizzes found
Score Distribution
Percent of People with Each Score
Percentile by Number Answered
Your Score History
You have not taken this quiz